Vnitřní ovzduší - Část 26: Postup odběru vzorků při stanovení oxidu uhličitého (CO2) ČSN EN ISO 16000-26 (83 5801) : Srpen 2013
Saved in:
| Format: | Book |
|---|---|
| Language: | English |
| Published: |
Praha
ÚNMZ
2013
|
| Tags: |
No Tags, Be the first to tag this record!
|
MARC
| LEADER | 00000nam a22000003a 4500 | ||
|---|---|---|---|
| 001 | 0080096 | ||
| 003 | SK-STU | ||
| 005 | 20200131113459.7 | ||
| 007 | ta | ||
| 008 | 200131s ----xo-----e------000-0-----d | ||
| 040 | |a STU |b slo | ||
| 041 | 0 | |a eng | |
| 044 | |a xr | ||
| 245 | 1 | 0 | |a Vnitřní ovzduší - Část 26: Postup odběru vzorků při stanovení oxidu uhličitého (CO2) |b ČSN EN ISO 16000-26 (83 5801) : Srpen 2013 |
| 260 | |a Praha |b ÚNMZ |c 2013 | ||
| 300 | |a 14 s. | ||
| 996 | |b 284M088323 |c M* N-1669-1 |l MMKN |s A |a 24 |w 0080096_0001 | ||